00365nam a2200145 a 4500020001800000082001700018100001700035245002800052260004100080300001000121500003500131505001000166650002600176700001700202 a8171015581 00a297.24bIBN1 aIbn Kathir,  aStories of the Prophets aDelhibIdara Ishaat-E-diniyat c2013 a464p  aincludes index and biblioraphy2 aindex aProphets in the Quran1 aIbn Kathir,